| 000 | 00854nam a22002537a 4500 | ||
|---|---|---|---|
| 003 | OSt | ||
| 005 | 20250912183919.0 | ||
| 008 | 250912b |||||||| |||| 00| 0 eng d | ||
| 020 | _a9789584230843 | ||
| 040 |
_aCO-UdeC _bspa _cCO-UdeC |
||
| 041 | 0 | _aspa | |
| 082 | 0 | 4 |
_a070.44 _bB932h |
| 100 | 1 |
_aBuitrago Londoño, Alfonso, _d1977- |
|
| 245 | 1 | 3 |
_aEl hombre que no quería ser padre / _cAlfonso Buitrago Londoño |
| 250 | _a1a. ed. | ||
| 260 |
_aBogotá : _bPlaneta, _c2012 |
||
| 300 |
_a265 p. : _bil.; _c22 cm. |
||
| 490 | 0 | _aBecas de creación de Medellín, 2012 | |
| 500 | _aIncluye datos biográficos del autor | ||
| 586 | _aBeca de Creación en Periodismo Narrativo Medellín, 2012. | ||
| 600 | 1 | 4 |
_aBuitrago Londoño, Alfonso, _d1977- _v Autobiografías. |
| 650 | 1 | 4 | _aCrónicas colombianas |
| 942 |
_2ddc _cBK _h070.44 _iB932h _n0 |
||
| 999 |
_c2067 _d2067 |
||